00630nam a22001577a 4500003000500000005001700005082001600022100002500038245012600063260003800189300001600227505017500243650001500418651001000433700002900443NUST20260116172330.0 a621.382,KHA aKhan, Muhammad Awais aCamera Based Equation Solver /cMuhammad Awais KHan, Sohail Nazim, Khawar Abbas and Raja Muhammad Asad Wazir Khan (TE-50) aRawalpindibMCS (NUST)cJune 2017 aviii,52 p.; aIntroduction (Page-1), Requirement Analysis (Page-6), System Design (Page-17), Implementation (Page-280, Testing (Page-31), Conclusion (Page-40), User Manual (Page-42).  aUG Project aTE-50 aSupervised by Raja Iqbal